Understanding the social dimension of sustainability. (Record no. 7599)

MARC details
000 -LEADER
fixed length control field 00704nam a22002177a 4500
003 - CONTROL NUMBER IDENTIFIER
control field OSt
005 - DATE AND TIME OF LATEST TRANSACTION
control field 20220113165800.0
008 - FIXED-LENGTH DATA ELEMENTS--GENERAL INFORMATION
fixed length control field 220113b ||||| |||| 00| 0 eng d
020 ## - INTERNATIONAL STANDARD BOOK NUMBER
International Standard Book Number 9780415964654
040 ## - CATALOGING SOURCE
Transcribing agency DDC
082 ## - DEWEY DECIMAL CLASSIFICATION NUMBER
Classification number 338.927 UND 2009
100 ## - MAIN ENTRY--PERSONAL NAME
Personal name Jesse, Dillard: Veronica, Dujon: Mary C. King
9 (RLIN) 15532
245 ## - TITLE STATEMENT
Title Understanding the social dimension of sustainability.
260 ## - PUBLICATION, DISTRIBUTION, ETC. (IMPRINT)
Place of publication, distribution, etc. New York :
Name of publisher, distributor, etc. Routledge;
Date of publication, distribution, etc. 2009,
300 ## - PHYSICAL DESCRIPTION
Extent xii, 300 pages ;
Dimensions 24 cm
504 ## - BIBLIOGRAPHY, ETC. NOTE
Bibliography, etc Includes index.
650 ## - SUBJECT ADDED ENTRY--TOPICAL TERM
Topical term or geographic name as entry element Social capital (Sociology)
9 (RLIN) 15533
650 ## - SUBJECT ADDED ENTRY--TOPICAL TERM
Topical term or geographic name as entry element Sustainable development -- Social aspects.
9 (RLIN) 15534
650 ## - SUBJECT ADDED ENTRY--TOPICAL TERM
Topical term or geographic name as entry element Environmental policy -- Social aspects.
9 (RLIN) 15535
942 ## - ADDED ENTRY ELEMENTS (KOHA)
Source of classification or shelving scheme Dewey Decimal Classification
Koha item type Book
Holdings
Withdrawn status Lost status Source of classification or shelving scheme Damaged status Not for loan Home library Current library Date acquired Source of acquisition Inventory number Total Checkouts Full call number Barcode Date last seen Price effective from Koha item type
    Dewey Decimal Classification     MUST Main Library MUST Main Library 13/01/2022 Purchase 15/39452   338.927 UND 2009 2022-0028 13/01/2022 13/01/2022 Book
    Dewey Decimal Classification     MUST Main Library MUST Main Library 14/04/2022 Purchase 15/39553   338.927 UND 2009 2022-0655 14/04/2022 14/04/2022 Book